| 000 | 00488nam a22001937a 4500 | ||
|---|---|---|---|
| 003 | MPLRDC | ||
| 005 | 20220104143533.0 | ||
| 008 | 210129b ||||| |||| 00| 0 eng d | ||
| 020 | _a957-99054-5-2 | ||
| 082 | _a418.91 ZSZ | ||
| 100 | _a郑岁宗 | ||
| 245 |
_a女人药膳新主张: 锺爱一生的养生规划 _c |
||
| 250 | _a初版 | ||
| 260 |
_a _b美梦成真文化 _c1997 |
||
| 300 | _b平 | ||
| 490 | _a家庭保健. 6 | ||
| 650 | _a食物治疗 | ||
| 942 |
_cBK _o418.91 ZSZ |
||
| 999 |
_c40887 _d40877 |
||